000 00764nam a2200253Ia 4500
003 OSt
005 20220923211332.0
006 a|||||r|||| 00| 0
007 ta
008 Pun
020 _a9788182991682 (hbk)
_c220
024 _a241,287
037 _b7501/5, 19/11/2009, Arsee Publishers
_cTextual
040 _aARTS
_cARTS
_bPun
041 _2Pun
_aPun
082 _aO153,3NBIRx, P8
100 _aਬੀਰ, ਬੀ ਐਸ
245 0 _aਛੋਟੇ ਵੱਡੇ ਰੱਬ
260 _aਦਿੱਲੀ
_b ਆਰਸੀ
_c2008
300 _a208ਪੰ
_ccm.
650 _aਪੰਜਾਬੀ ਸਾਹਿਤ
942 _hO153,3NBIRx, P8
_cTEXL
_2CC
999 _c298584
_d298584